| 000 | 00789cam a2200301 4500 | ||
|---|---|---|---|
| 008 | 000000n2000 000 0 eng u | ||
| 020 | _a0582368898 | ||
| 035 | _a(Sirsi) u107259 | ||
| 050 | _a691 | ||
| 100 | _aTaylor, G.D. | ||
| 245 | _aMaterials in construction : an introduction. | ||
| 250 | _a3rd ed. | ||
| 260 |
_aHarlow _bLongman _c2000 |
||
| 300 | _aix,334p. : ill. ; 24cm. | ||
| 350 | _a18.99 | ||
| 650 | _aBUILT ENVIRONMENT-BUILDING MATERIALS | ||
| 650 | _aCONCRETE | ||
| 650 | _aMASONRY | ||
| 650 | _aGLASS | ||
| 650 | _aPLASTER | ||
| 650 | _aBUILT ENVIRONMENT-BUILDING MATERIALS-METAL | ||
| 650 | _aTIMBER | ||
| 650 | _aPLASTICS | ||
| 650 | _aPAINT | ||
| 650 | _aBITUMINOUS MATERIALS | ||
| 690 | _aBUILT ENVIRONMENT-BUILDING MATERIALS | ||
| 942 | _n0 | ||
| 999 |
_c100673 _d100673 |
||